000 00292nam a2200121Ia 4500
008 190216s9999||||xx |||||||||||||| ||und||
100 _aAdriance S Foster
245 0 _aPractical Palnt Anatomy
260 _bAffiliated East West Press
_c1942
300 _a228p
650 _aBotany
942 _cBK
999 _c1034
_d1034